Statistics for The NATO Alphabet - Hard

Click here to take the quiz!

General Stats

  • This quiz has been taken 101 times
  • The average score is 21 of 26

Answer Stats

LetterNATO Letter% Correct
AAlpha
94%
BBravo
94%
DDelta
89%
FFoxtrot
89%
XX-Ray
89%
CCharlie
86%
EEcho
86%
HHotel
83%
KKilo
83%
TTango
83%
ZZulu
83%
IIndia
78%
LLima
78%
OOscar
78%
QQuebec
78%
VVictor
78%
WWhiskey
78%
GGolf
75%
JJuliet
75%
MMike
75%
PPapa
75%
RRomeo
75%
NNovember
72%
SSierra
72%
YYankee
72%
UUniform
69%

Score Distribution

Percentile by Number Answered

Percent of People with Each Score

Your Score History

You have not taken this quiz